000 00466nam a2200181Ia 4500
001 4595
005 20260306145807.0
008 260306t2006||||xx |||||||||||||| ||spa||
041 _aESP
082 _a327.116
_bS36
100 _aIII Conferencia do Forte Copacabana
_eAUT
245 0 _aSeguranca internacional:
_bum diálogo Europa-América do Sul
260 _c2006
300 _a186 páginas :
_c
650 _aGEN
654 _aCHU
942 _cLIB
_dJUS
_fJUS
_2ddc
_n
999 _c4595
_d4595